| 000 | 00791nam a22002295i 4500 | ||
|---|---|---|---|
| 001 | 177385 | ||
| 003 | ES-MaACL | ||
| 005 | 20250726084107.0 | ||
| 008 | 110321s1982 sp ao |||| | spa d | ||
| 080 | _a821.134.2(729.5).09 | ||
| 080 | _a94(729.5) | ||
| 100 | 1 |
_aArana-Soto, S. _922263 |
|
| 245 | 1 | 0 |
_aPuerto Rico _b: patria y nación (en doce temas de su literatura) / _cSalvador Arana-Soto. |
| 260 |
_aSan Juan de Puerto Rico ; San Sebastián : _bVarco, _c1982. |
||
| 300 |
_a99 p. : _bil. bl. y n. ; _c27 cm. |
||
| 500 | _aÍndice. | ||
| 651 | 4 |
_aPuerto Rico- _xEn la literatura. _9145739 |
|
| 651 | 4 |
_aPuerto Rico- _xHistoria. _99280 |
|
| 710 | 2 |
_aAteneo Puertorriqueño _92054 |
|
| 852 |
_aES-MaACL _j2276-F-11 _z.- Donativo del Ateneo Puertorriqueño |
||
| 999 |
_c177385 _d177385 |
||